| 000 | 00621nam a2200229Ia 4500 | ||
|---|---|---|---|
| 003 | OSt | ||
| 005 | 20221007074851.0 | ||
| 006 | a|||||r|||| 00| 0 | ||
| 007 | ta | ||
| 008 | 221006b |||||||| |||| 00| 0 eng d | ||
| 024 | _a38,123 | ||
| 037 | _cTextual | ||
| 040 |
_aFLL _cFLL _beng |
||
| 041 |
_2eng _aeng |
||
| 082 | _aZ2,218, Q3 | ||
| 100 |
_aBhatt Saligram _9693117 |
||
| 245 | 0 | _aAviation environment and world order | |
| 260 |
_aNew Delhi _bAph Publishing Corporation India _c2013 |
||
| 300 |
_axv,190p _ccm. |
||
| 942 |
_hZ2,218, Q3 _cTEXL _2CC |
||
| 999 |
_c1153964 _d1153964 |
||